000 00643nam a2200205Ia 4500
001 10260
003 GE_BSU
008 181216s||||||||xx |||||||||||||| ||und||
040 _cGE_BSU
080 _a821.353.1–32
100 _aრურუა,ილია
245 _aფერეიდნელი მოთხრობები
245 _cრედ.მ.ქოიავა.მხატვ.თ.კოხრეიძე
260 _aთბილისი
260 _bმერანი
260 _c1974
300 _a155გვ.17სმ.
653 _aფერეიდნელი მოთხრობები
942 _cBK
999 _c43529
_d43529